Whose pharaohs? : archaeology, museums, and Egyptian national identity from Napoleon to World War I /
Main Author:
Format: Book
Language: English
Published:
Cairo, Egypt :
The American University in Cairo Press,
2002.
Subjects:
Tags: Add Tag
Call Number: DT56.9 .R45 2002
| LEADER | 01026nam a22002894a 4500 | ||
|---|---|---|---|
| 003 | OSt | ||
| 005 | 20260505073901.0 | ||
| 008 | 130303s2002 ua abh b 001 0 eng | ||
| 010 | |a 00047518 | ||
| 020 | |a 9789774246975 | ||
| 020 | |a 9774246977 | ||
| 040 | |c ARCE Library | ||
| 042 | |a pcc | ||
| 043 | |a f-ua--- | ||
| 050 | 4 | |a DT56.9 .R45 2002 | |
| 100 | 1 | |a Reid, Donald M., |q (Donald Malcolm), |d 1940-, |e author | |
| 245 | 1 | 0 | |a Whose pharaohs? : |b archaeology, museums, and Egyptian national identity from Napoleon to World War I / |c Donald Malcolm Reid. |
| 264 | 1 | |a Cairo, Egypt : |b The American University in Cairo Press, |c 2002. | |
| 300 | |a xv, 409 pages : |b illustrations, maps, facsimiles ; |c 24 cm. | ||
| 504 | |a Includes bibliographical references (pages 365-383) and index. | ||
| 650 | 0 | |a Archaeological museums and collections |z Egypt |x History. | |
| 650 | 0 | |a Archaeology |z Egypt |x History. | |
| 650 | 0 | |a Egyptology |x History. | |
| 651 | 0 | |a Egypt |x Antiquities. | |
| 901 | |a reviewed | ||
| 942 | |c BK |2 lcc | ||
| 999 | |c 2128 |d 2128 | ||
